| 000 | 00798nas a2200241 4500 | ||
|---|---|---|---|
| 001 | BR8402940 | ||
| 003 | BR-BrBNA | ||
| 005 | 20231205085929.0 | ||
| 007 | ta | ||
| 008 | 230509b bl.|||p| |||| 00| 00por d | ||
| 040 |
_aBR-BrBNA _bpor _cBiblioteca Nacional de Agricultura |
||
| 041 | _a(Pt) | ||
| 072 | _aF00 | ||
| 110 | 1 |
_aFederacao das Cooperativas de Trigo e Soja do Rio Grande do Sul Ltda., Porto Alegre (Brasil) _94625 |
|
| 245 | 1 | _aRecomendacoes para a cultura da colza no Rio Grande do Sul em 1984 [Brasil] | |
| 650 | _aCOLZA | ||
| 650 | _aPRATICA CULTURAL | ||
| 650 | _aADUBACAO | ||
| 650 | _aRIO GRANDE DO SUL | ||
| 773 | 0 |
_tTrigo e Soja (Brazil) _xISSN 0100-5456 _g(Jan-Feb 1984), (no. 71) p. 24-27 _wBR8402940 |
|
| 909 |
_a202311 _bLúcia _c55 _dLúcia Elande |
||
| 942 |
_2AGRIS _n0 _cANA |
||
| 999 |
_c114880 _d114880 |
||